Twenty-second report of the royal university of Ireland for 1903 (Record no. 1360859)

MARC details
000 -LEADER
fixed length control field 00520nam a2200169Ia 4500
005 - DATE AND TIME OF LATEST TRANSACTION
control field 20250508160010.0
008 - FIXED-LENGTH DATA ELEMENTS--GENERAL INFORMATION
fixed length control field 008 250505s9999 xx 000 0 eng d
037 ## - SOURCE OF ACQUISITION
Stock number Books to be hide in OPAC
040 ## - CATALOGING SOURCE
Original cataloging agency FEDL
Language of cataloging eng
Transcribing agency FEDL
041 ## - LANGUAGE CODE
Language code of text/sound track or separate title eng
Source of code eng
084 ## - COLON CLASSIFICATION NUMBER
Classification number 378.415, IRE
Assigning agency FEDL
245 #0 - TITLE STATEMENT
Title Twenty-second report of the royal university of Ireland for 1903
260 ## - PUBLICATION, DISTRIBUTION, ETC.
Place of publication, distribution, etc. Dublin
Name of publisher, distributor, etc. His Majesty's Stationery Office
Date of publication, distribution, etc. 1904
300 ## - PHYSICAL DESCRIPTION
Extent 144p.
942 ## - ADDED ENTRY ELEMENTS (KOHA)
Koha item type Books to be hide in OPAC
Classification part 378.415, IRE
Holdings
Withdrawn status Lost status Damaged status Not for loan Home library Current library Date acquired Total Checkouts Full call number Barcode Date last seen Price effective from Koha item type
        Department of Education Library Department of Education Library 2025-05-08   378.415, IRE EL0046731 2025-05-08 2025-05-08 Books to be hide in OPAC
Copyright @ Delhi University Library System